Catálogo
 En Linea

Cazadores de Herederas / (Registro nro. 1019)

Detalles MARC
000 -CABECERA
campo de control de longitud fija 00510cam a22001691 4500
001 - NÚMERO DE CONTROL
campo de control 000001044
005 - FECHA Y HORA DE LA ÚLTIMA TRANSACCIÓN
campo de control 20200929145454.0
008 - DATOS DE LONGITUD FIJA--INFORMACIÓN GENERAL
campo de control de longitud fija 760210s1990 sp 000 j spa
040 ## - FUENTE DE LA CATALOGACIÓN
Centro catalogador/agencia de origen DO-SdBNP
Lengua de catalogación spa
Centro/agencia transcriptor BNPHU
082 ## - NÚMERO DE LA CLASIFICACIÓN DECIMAL DEWEY
Número de clasificación 863.6
Número de documento/Ítem B192c
100 1# - ENTRADA PRINCIPAL--NOMBRE DE PERSONA
Nombre de persona Ballinger, Bill S.
Forma completa/desarrollada del nombre (Bill Sanborn),
Fechas asociadas al nombre 1912-1980
9 (RLIN) 3614
245 14 - MENCIÓN DE TÍTULO
Título Cazadores de Herederas /
Mención de responsabilidad, etc. Bill S. Ballinger.
260 ## - PUBLICACIÓN, DISTRIBUCIÓN, ETC.
Lugar de publicación, distribución, etc. Madrid :
Nombre del editor, distribuidor, etc. Tiempo,
Fecha de publicación, distribución, etc. [1990].
300 ## - DESCRIPCIÓN FÍSICA
Extensión 128 p. ;
Dimensiones 19 cm.
650 #4 - PUNTO DE ACCESO ADICIONAL DE MATERIA--TÉRMINO DE MATERIA
Término de materia o nombre geográfico como elemento de entrada Novela española
9 (RLIN) 1123
650 #4 - PUNTO DE ACCESO ADICIONAL DE MATERIA--TÉRMINO DE MATERIA
Término de materia o nombre geográfico como elemento de entrada Literatura española
9 (RLIN) 632
Existencias
Estado de retiro Estado de pérdida Restricciones de uso No para préstamo Código de colección Localización permanente Ubicación/localización actual Ubicación en estantería Fecha de adquisición Número de inventario Total de préstamos Signatura topográfica completa Código de barras Fecha visto por última vez Precio válido a partir de Tipo de ítem Koha Número de copia
    Préstamo interno Préstamo en sala Dominicana de Servicio Biblioteca Nacional Pedro Henríquez Ureña Biblioteca Nacional Pedro Henríquez Ureña Depósito 22.09.2009 LF1   863.6 B192c 1044-10 25.06.2020 25.06.2020 Libros y folletos  
  Extraviado   Préstamo en sala Dominicana de Servicio Biblioteca Nacional Pedro Henríquez Ureña Biblioteca Nacional Pedro Henríquez Ureña Extraviado 10.04.2017 LF1   863.6 B192c 1044-20 25.06.2020 25.06.2020 Libros y folletos e. 2

Con tecnología Koha